Dưỡng sinh đối với ăn uống hằng ngày Giá trị dinh dưỡng và tác dụng bảo vệ sức khỏe của các loại đồ uống
Uloženo v:
| Hlavní autor: | |
|---|---|
| Médium: | Kniha |
| Vydáno: |
Hà Nội
Thời Đại
2010
|
| Témata: | |
| Tagy: |
Přidat tag
Žádné tagy, Buďte první, kdo otaguje tento záznam!
|
| Thư viện lưu trữ: | Trung tâm Học liệu Lê Vũ Hùng, Trường Đại học Đồng Tháp |
|---|
| LEADER | 00913pam a22002898a 4500 | ||
|---|---|---|---|
| 001 | 00036249 | ||
| 005 | 20171026081025.0 | ||
| 008 | 170221s2010 ||||||Viesd | ||
| 020 | |c 27000 | ||
| 041 | 0 | # | |a Vie |
| 082 | 1 | 4 | |a 613.2 |b D561S |
| 100 | 1 | # | |a Đỗ, Quyên |
| 245 | 0 | 0 | |a Dưỡng sinh đối với ăn uống hằng ngày |c Đỗ Quyên |b Giá trị dinh dưỡng và tác dụng bảo vệ sức khỏe của các loại đồ uống |
| 260 | # | # | |a Hà Nội |b Thời Đại |c 2010 |
| 300 | # | # | |a 31 tr. |c 20 cm. |
| 653 | # | # | |a Dinh dưỡng |
| 653 | # | # | |a Sức khỏe |
| 653 | # | # | |a Thực phẩm |
| 653 | # | # | |a Đồ uống |
| 852 | # | # | |b Kho đọc |j KD.0019554 |
| 852 | # | # | |j KD.0019554 |
| 910 | 0 | # | |d 21/02/2017 |
| 980 | # | # | |a Trung tâm Học liệu Lê Vũ Hùng, Trường Đại học Đồng Tháp |